[Event "Cercle de Hull ferme"]
[Site "Hull CAN"]
[Date "2003.02.25"]
[Round "1"]
[White "Dallaire, Dominic"]
[Black "Lacourse, Guy"]
[Result "1-0"]
[WhiteElo "1688"]
[BlackElo "1640"]
[PlyCount "58"]
[EventDate "2003.02.25"]
[EventType "swiss"]
[EventRounds "5"]
[EventCountry "CAN"]

1. e4 c5 2. c3 d5 3. e5 Bf5 4. d4 e6 5. Nf3 Nd7 6. Bd3 Bxd3 7. Qxd3 c4 8. Qc2
h6 9. O-O b5 10. a3 Ne7 11. Nh4 Nc6 12. g3 Be7 13. Ng2 Na5 14. Be3 Nb3 15. Ra2
Nb6 16. Nd2 Nxd2 17. Qxd2 a5 18. f4 Kd7 19. f5 exf5 20. Rxf5 f6 21. Nf4 fxe5
22. dxe5 Kc6 23. Ne6 Qe8 24. Qf2 Na4 25. Ra1 Bf8 26. Nd4+ Kb7 27. Rf7+ Ka6 28.
Qf5 Rb8 29. Ne6 Nb6 1-0

[Event "Cercle de Hull ferme"]
[Site "Hull CAN"]
[Date "2003.02.25"]
[Round "1"]
[White "Dessmark, Andres"]
[Black "Brousseau, Yvan"]
[Result "0-1"]
[WhiteElo "1903"]
[BlackElo "2013"]
[PlyCount "62"]
[EventDate "2003.02.25"]
[EventType "swiss"]
[EventRounds "5"]
[EventCountry "CAN"]

1. d4 Nf6 2. c4 d5 3. cxd5 Qxd5 4. Nc3 Qd8 5. e4 e6 6. Nf3 Bb4 7. Bd3 Nc6 8. a3
Ba5 9. b4 Bb6 10. Bb5 O-O 11. Bxc6 bxc6 12. O-O a5 13. Be3 Ng4 14. h3 Nxe3 15.
fxe3 Qd6 16. Qb3 Qg3 17. Ne2 Qg6 18. Qc2 Ba6 19. Nf4 Qg3 20. Nh5 Qd6 21. Ng5
Qe7 22. Nxh7 Kxh7 23. Rf4 e5 24. Rf5 exd4 25. e5 g6 26. Nf6+ Kg7 27. Rg5 dxe3
28. Qe4 Rh8 29. Rc1 axb4 30. Qg4 e2+ 31. Kh1 Be3 0-1

[Event "Cercle de Hull ferme"]
[Site "Hull CAN"]
[Date "2003.02.25"]
[Round "1"]
[White "Groleau, Gilles"]
[Black "Laurin, Jacques"]
[Result "1-0"]
[WhiteElo "2087"]
[BlackElo "1906"]
[PlyCount "105"]
[EventDate "2003.02.25"]
[EventType "swiss"]
[EventRounds "5"]
[EventCountry "CAN"]

1. e4 c5 2. Nf3 d6 3. Bb5+ Nc6 4. O-O Bd7 5. Re1 Nf6 6. c3 Qb6 7. Na3 Ne5 8.
Bxd7+ Nfxd7 9. Nxe5 dxe5 10. d3 e6 11. Nc4 Qc7 12. b3 b5 13. Ne3 Be7 14. Bb2
O-O 15. Qc2 Bg5 16. c4 b4 17. Re2 Nb8 18. g3 Nc6 19. h4 Be7 20. Rf1 Rad8 21.
Ng2 Rd7 22. Rd2 f5 23. exf5 Rxf5 24. Ne3 Rf8 25. Qd1 Qd6 26. Qg4 Nd4 27. Bxd4
exd4 28. Ng2 e5 29. Re2 Bd8 30. Qe4 Bc7 31. h5 Qf6 32. f4 Rdf7 33. f5 g6 34.
hxg6 hxg6 35. Nh4 Rg7 36. Qd5+ Rff7 37. Rg2 g5 38. Ng6 Qd6 39. Qe4 Rh7 40. g4
Rh6 41. Rff2 Rfh7 42. Rh2 Rh3 43. Rxh3 Rxh3 44. Rh2 Rxh2 45. Kxh2 Kf7 46. Kg2
Kf6 47. Kf2 Qa6 48. Kf3 Qd6 49. Ke2 a5 50. Kd1 Qd7 51. Qh1 Qf7 52. Qc6+ Kg7 53.
Qxc5 1-0

[Event "Cercle de Hull ferme"]
[Site "Hull CAN"]
[Date "2003.02.25"]
[Round "1"]
[White "Pepin, Christian"]
[Black "Libersan, Mattieu"]
[Result "1-0"]
[WhiteElo "1998"]
[BlackElo "1892"]
[PlyCount "81"]
[EventDate "2003.02.25"]
[EventType "swiss"]
[EventRounds "5"]
[EventCountry "CAN"]

1. e4 e5 2. Nf3 Nc6 3. Bb5 a6 4. Ba4 Nf6 5. O-O Be7 6. Re1 b5 7. Bb3 O-O 8. a4
Bb7 9. axb5 axb5 10. Rxa8 Bxa8 11. c3 d5 12. exd5 Nxd5 13. d4 exd4 14. Nxd4
Nxd4 15. Qxd4 Bg5 16. Bxg5 Qxg5 17. h4 Qf5 18. Qe5 Qxe5 19. Rxe5 Nf4 20. g3 Nd3
21. Rxb5 Re8 22. Nd2 Bc6 23. Rf5 Re7 24. Nf1 g6 25. Rf6 Bb7 26. Bc4 Kg7 27.
Bxd3 Kxf6 28. f4 Be4 29. Bxe4 Rxe4 30. Kf2 Ke6 31. Ne3 f5 32. b4 Kd6 33. h5 c5
34. bxc5+ Kxc5 35. Kf3 Ra4 36. hxg6 hxg6 37. g4 fxg4+ 38. Nxg4 Rc4 39. Ne5
Rxc3+ 40. Kg4 Rc1 41. Nd3+ 1-0

[Event "Cercle de Hull ferme"]
[Site "Hull CAN"]
[Date "2003.03.04"]
[Round "2"]
[White "Brousseau, Yvan"]
[Black "Groleau, Gilles"]
[Result "1/2-1/2"]
[WhiteElo "2013"]
[BlackElo "2087"]
[PlyCount "111"]
[EventDate "2003.02.25"]
[EventType "swiss"]
[EventRounds "5"]
[EventCountry "CAN"]

1. Nf3 Nf6 2. g3 b6 3. Bg2 Bb7 4. O-O e6 5. d3 Be7 6. e4 d6 7. Nbd2 O-O 8. Nd4
c5 9. Ne2 Qc7 10. f4 Nbd7 11. f5 exf5 12. Rxf5 g6 13. Rf1 d5 14. Nc3 c4 15. d4
Nxe4 16. Ndxe4 dxe4 17. Nxe4 f5 18. Bf4 Qc8 19. Nc3 Bxg2 20. Kxg2 Bf6 21. Qf3
a6 22. Rfe1 Ra7 23. Re6 Bxd4 24. Qd5 Qb7 25. Rxg6+ Kh8 26. Rg5 Bxc3 27. Qxb7
Rxb7 28. bxc3 h6 29. Rh5 Rf6 30. Bxh6 Kg8 31. Rf1 b5 32. Rfxf5 b4 33. cxb4 Rxb4
34. Rxf6 Nxf6 35. Rc5 Ne4 36. Rc6 Ra4 37. Kf3 Nc3 38. Bd2 Nb5 39. Ke3 Ra3+ 40.
Ke4 Rxa2 41. Ke3 c3 42. Bxc3 Rxc2 43. Kd3 Rxh2 44. Rxa6 Nxc3 45. Kxc3 Rg2 46.
Rg6+ Kf7 47. Rg4 Re2 48. Kd3 Re1 49. Re4 Rxe4 50. Kxe4 Ke6 51. Kf4 Kf6 52. g4
Kg6 53. g5 Kg7 54. Kf5 Kf7 55. g6+ Kg7 56. Kg5 1/2-1/2

[Event "Cercle de Hull ferme"]
[Site "Hull CAN"]
[Date "2003.03.04"]
[Round "2"]
[White "Papineau, Andre"]
[Black "Roy, Roger"]
[Result "1/2-1/2"]
[WhiteElo "1766"]
[BlackElo "1691"]
[PlyCount "87"]
[EventDate "2003.02.25"]
[EventType "swiss"]
[EventRounds "5"]
[EventCountry "CAN"]

1. d4 Nf6 2. c4 e6 3. Nf3 Bb4+ 4. Bd2 Bxd2+ 5. Nbxd2 d5 6. e3 O-O 7. Bd3 Nbd7
8. O-O c5 9. cxd5 exd5 10. dxc5 Nxc5 11. Qc2 Nxd3 12. Qxd3 Bg4 13. h3 Bh5 14.
Rac1 Qe7 15. Nd4 Bg6 16. Qb3 Rac8 17. N2f3 h6 18. Nb5 a6 19. Nc3 Rfd8 20. Nxd5
Nxd5 21. Rxc8 Rxc8 22. Qxd5 Be4 23. Qe5 Qxe5 24. Nxe5 Rc2 25. f3 Bf5 26. Rf2
Rc5 27. Ng4 h5 28. Nh2 Rc1+ 29. Nf1 Bd3 30. g4 hxg4 31. hxg4 Re1 32. e4 Bc4 33.
a3 Bxf1 34. Rxf1 Re3 35. Kg2 g5 36. Rf2 Rb3 37. Re2 Kg7 38. Rd2 Kf6 39. Rc2 Kg6
40. Kg3 Kg7 41. Rd2 Kf6 42. Kh2 Kg6 43. Kg2 Kf6 44. a4 1/2-1/2

[Event "Cercle de Hull ferme"]
[Site "Hull CAN"]
[Date "2003.03.11"]
[Round "3"]
[White "Groleau, Gilles"]
[Black "Pepin, Christian"]
[Result "0-1"]
[WhiteElo "2087"]
[BlackElo "1998"]
[PlyCount "118"]
[EventDate "2003.02.25"]
[EventType "swiss"]
[EventRounds "5"]
[EventCountry "CAN"]

1. e4 e6 2. d4 d5 3. Nd2 Nc6 4. c3 Nf6 5. e5 Nd7 6. Bd3 f5 7. Ne2 Be7 8. Nf4
Nf8 9. Qh5+ g6 10. Qh6 Bg5 11. Qg7 Qe7 12. Qxe7+ Bxe7 13. Nb3 Bd7 14. Bd2 a6
15. O-O-O Na7 16. h4 Ba4 17. Bc2 Kf7 18. g3 Nd7 19. Rde1 c5 20. dxc5 Bxb3 21.
axb3 Bxc5 22. Re2 Nc6 23. b4 Ba7 24. Nd3 h5 25. f4 Bb6 26. Be1 Rhc8 27. Bf2
Bxf2 28. Rxf2 a5 29. Kd2 axb4 30. Nxb4 Nxb4 31. cxb4 Rc4 32. Rf3 Rxb4 33. Rb3
Rxb3 34. Bxb3 Nc5 35. Bc2 Ke7 36. Rc1 Kd8 37. Ke3 Rc8 38. Ra1 Na6 39. Bd3 Rc6
40. Ra3 Rb6 41. b3 Kc7 42. Kd2 Kc6 43. Kc3 Nc5 44. Be2 Ne4+ 45. Kc2 Nxg3 46.
Bd3 Kc5 47. Ra8 Kd4 48. Rg8 Ke3 49. Rxg6 Rc6+ 50. Kb2 Kxd3 51. Rxg3+ Ke4 52.
Rg7 Kxf4 53. Rxb7 Ke3 54. b4 f4 55. b5 Rc5 56. Kb3 f3 57. Kb4 Rc4+ 58. Ka5 f2
59. Rf7 Rf4 0-1

[Event "Cercle de Hull ferme"]
[Site "Hull CAN"]
[Date "2003.03.11"]
[Round "3"]
[White "Laurin, Jacques"]
[Black "Brousseau, Yvan"]
[Result "0-1"]
[WhiteElo "1906"]
[BlackElo "2013"]
[PlyCount "48"]
[EventDate "2003.02.25"]
[EventType "swiss"]
[EventRounds "5"]
[EventCountry "CAN"]

1. c4 g6 2. Nc3 Bg7 3. Nf3 Nf6 4. e4 d6 5. d4 O-O 6. Bd3 Nc6 7. d5 Nb4 8. Bb1
e5 9. Bg5 h6 10. Bd2 a5 11. a3 Na6 12. b4 Bd7 13. b5 Nc5 14. Be3 Ne8 15. Bxc5
dxc5 16. O-O Nd6 17. Bd3 b6 18. Nd2 Qg5 19. Rb1 f5 20. Nf3 Qe7 21. exf5 gxf5
22. Qc1 e4 23. Re1 Qf6 24. Nxe4 fxe4 0-1

[Event "Cercle de Hull ferme"]
[Site "Hull CAN"]
[Date "2003.03.11"]
[Round "3"]
[White "Levesque, Andre"]
[Black "Thomann, Olivier"]
[Result "0-1"]
[WhiteElo "1425"]
[BlackElo "1799"]
[PlyCount "68"]
[EventDate "2003.02.25"]
[EventType "swiss"]
[EventRounds "5"]
[EventCountry "CAN"]

1. e4 e5 2. Nf3 Nc6 3. Bb5 a6 4. Ba4 Nf6 5. O-O Nxe4 6. Re1 Nc5 7. Nxe5 Nxe5 8.
Rxe5+ Be7 9. Bb3 Nxb3 10. axb3 d6 11. Re3 O-O 12. Nc3 Bg5 13. Re1 d5 14. d4 Bf6
15. Qd3 Bg4 16. f3 Bh5 17. Ne2 Bg6 18. Qd2 Re8 19. c4 dxc4 20. bxc4 Bxd4+ 21.
Kf1 Be3 22. Qc3 Bxc1 23. Raxc1 Qh4 24. Kg1 Rad8 25. g3 Qg5 26. Nf4 Qc5+ 27. Kf1
h6 28. Nxg6 fxg6 29. Qc2 Qf5 30. Qb3 Rxe1+ 31. Kxe1 Qe6+ 32. Kf1 Rd2 33. Re1
Qh3+ 34. Kg1 Qg2# 0-1

[Event "Cercle de Hull ferme"]
[Site "Hull CAN"]
[Date "2003.03.11"]
[Round "3"]
[White "Rose, Richard"]
[Black "Papineau, Andre"]
[Result "0-1"]
[WhiteElo "1834"]
[BlackElo "1766"]
[PlyCount "56"]
[EventDate "2003.02.25"]
[EventType "swiss"]
[EventRounds "5"]
[EventCountry "CAN"]

1. e4 c5 2. Nf3 d6 3. d4 cxd4 4. Nxd4 g6 5. Nc3 Bg7 6. Be3 Nf6 7. Be2 O-O 8. f3
Nc6 9. Qd2 Bd7 10. g4 Nxd4 11. Bxd4 Bc6 12. h4 Qa5 13. O-O-O b5 14. h5 b4 15.
Nd5 Bxd5 16. exd5 Qxa2 17. b3 Rac8 18. Bc4 a5 19. hxg6 fxg6 20. Qh2 h5 21. Rde1
Bh6+ 22. Be3 Qa1+ 23. Kd2 Qc3+ 24. Kd1 Bxe3 25. gxh5 Nxh5 26. Bd3 Bf4 27. Qg2
Qa1+ 28. Ke2 Ng3+ 0-1

[Event "Cercle de Hull ferme"]
[Site "Hull CAN"]
[Date "2003.03.18"]
[Round "4"]
[White "Libersan, Mattieu"]
[Black "Brousseau, Yvan"]
[Result "0-1"]
[WhiteElo "1892"]
[BlackElo "2013"]
[PlyCount "38"]
[EventDate "2003.02.25"]
[EventType "swiss"]
[EventRounds "5"]
[EventCountry "CAN"]

1. e4 e6 2. d4 d5 3. Nc3 Bb4 4. Nge2 dxe4 5. a3 Bxc3+ 6. Nxc3 f5 7. f3 exf3 8.
Qxf3 Nf6 9. Qg3 O-O 10. Bg5 Qxd4 11. Be3 Qd6 12. Bf4 e5 13. Bxe5 Re8 14. Bc4+
Kh8 15. O-O Qxe5 16. Qh4 Nc6 17. Rfe1 Qc5+ 18. Kh1 Bd7 19. Rad1 Ne5 0-1

[Event "Cercle de Hull ferme"]
[Site "Hull CAN"]
[Date "2003.03.18"]
[Round "4"]
[White "Pepin, Christian"]
[Black "Laurin, Jacques"]
[Result "0-1"]
[WhiteElo "1998"]
[BlackElo "1906"]
[PlyCount "58"]
[EventDate "2003.02.25"]
[EventType "swiss"]
[EventRounds "5"]
[EventCountry "CAN"]

1. g3 Nf6 2. Bg2 e5 3. c4 Nc6 4. Nc3 Bc5 5. d3 O-O 6. Nf3 d5 7. cxd5 Nxd5 8.
O-O Nde7 9. Nd2 Bg4 10. Na4 Nd4 11. Nxc5 Nxe2+ 12. Kh1 Nxg3+ 13. hxg3 Bxd1 14.
Rxd1 b6 15. Ncb3 Rc8 16. Nc4 Ng6 17. Be3 f5 18. d4 e4 19. Ne5 Qd6 20. Nxg6 Qxg6
21. a4 Qh5+ 22. Kg1 g5 23. Bd2 f4 24. Re1 f3 25. Bf1 Rf6 26. Bc4+ Kf8 27. Bb4+
Kg7 28. d5 Rh6 29. Bc3+ Kg6 0-1

[Event "Cercle de Hull ferme"]
[Site "Hull CAN"]
[Date "2003.03.25"]
[Round "5"]
[White "Asselin-Missoum, Algorism"]
[Black "Thomann, Olivier"]
[Result "0-1"]
[WhiteElo "997"]
[BlackElo "1799"]
[PlyCount "44"]
[EventDate "2003.02.25"]
[EventType "swiss"]
[EventRounds "5"]
[EventCountry "CAN"]

1. d4 Nf6 2. Nc3 d5 3. Nf3 Bf5 4. Bf4 c6 5. e3 e6 6. Bd3 Bg6 7. Bxg6 hxg6 8.
O-O Bd6 9. Re1 Qc7 10. Ne2 Nbd7 11. b3 O-O-O 12. c4 Bxf4 13. Nxf4 Kb8 14. cxd5
Nxd5 15. Nxd5 exd5 16. e4 dxe4 17. Rxe4 Nf6 18. Re5 Ng4 19. Re4 Nxh2 20. Qe1
Nxf3+ 21. gxf3 Qd7 22. Qb4 Qh3 0-1

[Event "Cercle de Hull ferme"]
[Site "Hull CAN"]
[Date "2003.03.25"]
[Round "5"]
[White "Brousseau, Yvan"]
[Black "Pepin, Christian"]
[Result "1/2-1/2"]
[WhiteElo "2013"]
[BlackElo "1998"]
[PlyCount "97"]
[EventDate "2003.02.25"]
[EventType "swiss"]
[EventRounds "5"]
[EventCountry "CAN"]

1. d4 f5 2. c4 Nf6 3. g3 e6 4. Nc3 d5 5. cxd5 exd5 6. Bg2 c6 7. Nf3 Bd6 8. Ne5
Bxe5 9. dxe5 Ng4 10. Qd4 Qb6 11. Qxb6 axb6 12. f4 Be6 13. h3 Nh6 14. Be3 Nd7
15. b4 Ra3 16. Kd2 Ke7 17. Kc2 b5 18. Bc1 Ra6 19. Rd1 Nb6 20. Rd3 Nc4 21. Rb1
Rha8 22. a4 Rxa4 23. Nxa4 Rxa4 24. Bf3 Ng8 25. Kc3 Kd7 26. e3 Ne7 27. Bd1 Ra2
28. Bb2 d4+ 29. Rxd4+ Nd5+ 30. Rxd5+ Bxd5 31. Bb3 Rxb2 32. Rxb2 Nxb2 33. Kxb2
Bxb3 34. Kxb3 b6 35. Kc3 c5 36. Kd3 g6 37. g4 c4+ 38. Kd4 fxg4 39. hxg4 h5 40.
f5 h4 41. fxg6 Ke6 42. g7 Kf7 43. Kd5 h3 44. Kd6 h2 45. e6+ Kxg7 46. e7 h1=Q
47. e8=Q Qd1+ 48. Kc6 Qd3 49. Qe5+ 1/2-1/2

[Event "Charlesbourg, Estival #1"]
[Site "Quebec CAN"]
[Date "2003.06.23"]
[Round "3"]
[White "Robitaille, Denis"]
[Black "Sauve, Richard"]
[Result "0-1"]
[WhiteElo "1858"]
[BlackElo "1941"]
[PlyCount "54"]
[EventDate "2003.06.09"]
[EventType "swiss"]
[EventRounds "5"]
[EventCountry "CAN"]

1. Nf3 d5 2. g3 c6 3. Bg2 Nd7 4. d4 Ngf6 5. O-O e6 6. b3 Be7 7. Bb2 O-O 8. Nbd2
b6 9. Ne5 Nxe5 10. dxe5 Nd7 11. e4 Qc7 12. exd5 cxd5 13. c4 Ba6 14. cxd5 exd5
15. Rc1 Qb7 16. Re1 Nc5 17. Nc4 Rad8 18. b4 Ne4 19. Qg4 Bxb4 20. Rxe4 dxe4 21.
Bxe4 Qe7 22. Nd6 g6 23. Nf5 Qe6 24. Qg5 Bd2 25. Nh6+ Kg7 26. f4 Bxc1 27. f5
Bxg5 0-1

[Event "Charlesbourg, Estival #1"]
[Site "Quebec CAN"]
[Date "2003.06.30"]
[Round "4"]
[White "Laflamme, Simon"]
[Black "Champetier, Serge"]
[Result "0-1"]
[WhiteElo "1878"]
[BlackElo "1979"]
[PlyCount "58"]
[EventDate "2003.06.09"]
[EventType "swiss"]
[EventRounds "5"]
[EventCountry "CAN"]

1. e4 d6 2. d4 Nf6 3. Nc3 c6 4. Nf3 Bg4 5. Be2 e6 6. O-O d5 7. exd5 cxd5 8. Ne5
Bxe2 9. Qxe2 Nc6 10. Qb5 Qc7 11. Ne2 Bd6 12. f4 O-O 13. c3 Ne4 14. Qd3 f6 15.
Nf3 a5 16. a4 f5 17. Ne5 Ra6 18. Rf3 Rb6 19. Rh3 Nb8 20. Qf3 Nd7 21. g4 Bxe5
22. dxe5 g6 23. Ng3 Qc4 24. gxf5 exf5 25. Nf1 Ndc5 26. Ne3 Qd3 27. Qg2 Nb3 28.
Nf1 Qd1 29. Rb1 Nxc1 0-1

[Event "Charlesbourg, Estival #1"]
[Site "Quebec CAN"]
[Date "2003.07.07"]
[Round "5"]
[White "Champetier, Serge"]
[Black "Sauve, Richard"]
[Result "1/2-1/2"]
[WhiteElo "1979"]
[BlackElo "1941"]
[PlyCount "56"]
[EventDate "2003.06.09"]
[EventType "swiss"]
[EventRounds "5"]
[EventCountry "CAN"]

1. e4 e6 2. Nf3 d5 3. e5 c5 4. b4 b6 5. c3 Bb7 6. Na3 Nd7 7. Rb1 cxb4 8. cxb4
Ne7 9. d4 Nc6 10. Bg5 Be7 11. Bxe7 Qxe7 12. Nb5 O-O 13. Nd6 Rfb8 14. b5 Na5 15.
Rc1 f6 16. Rc7 fxe5 17. dxe5 Qd8 18. Bd3 Qxc7 19. O-O Nxe5 20. Bxh7+ Kxh7 21.
Nxe5 g6 22. Qd3 Rg8 23. Qh3+ Kg7 24. Qxe6 Qc2 25. Qe7+ Kh6 26. Qh4+ Kg7 27.
Qe7+ Kh6 28. Qh4+ Kg7 1/2-1/2

[Event "Charlesbourg, Estival #2"]
[Site "Charlesbourg CAN"]
[Date "2003.07.14"]
[Round "1"]
[White "Sauve, Richard"]
[Black "Sirois, Eric"]
[Result "1-0"]
[WhiteElo "1955"]
[BlackElo "1511"]
[PlyCount "47"]
[EventDate "2003.07.14"]
[EventType "swiss"]
[EventRounds "5"]
[EventCountry "CAN"]

1. d4 Nf6 2. c4 e6 3. Nc3 Bb4 4. Qc2 O-O 5. a3 Bxc3+ 6. Qxc3 b6 7. Bg5 d6 8. e3
Bb7 9. f3 Nbd7 10. Bd3 h6 11. Bh4 Qe7 12. Ne2 e5 13. O-O Rfe8 14. Rae1 a5 15.
Qc2 e4 16. fxe4 Bxe4 17. Ng3 Bxd3 18. Qxd3 g5 19. Nf5 Qe4 20. Qxe4 Nxe4 21. Bg3
Re6 22. Re2 Nxg3 23. Nxg3 Nf6 24. d5 1-0

[Event "Charlesbourg, Estival #2"]
[Site "Charlesbourg CAN"]
[Date "2003.07.21"]
[Round "2"]
[White "Faille, Jacques"]
[Black "Arteau, Benoit"]
[Result "1/2-1/2"]
[WhiteElo "1932"]
[BlackElo "1693"]
[PlyCount "54"]
[EventDate "2003.07.14"]
[EventType "swiss"]
[EventRounds "5"]
[EventCountry "CAN"]

1. e4 c5 2. Nc3 Nc6 3. g3 g6 4. Bg2 Bg7 5. d3 e6 6. Be3 d6 7. Nge2 Nge7 8. O-O
O-O 9. Qd2 Rb8 10. a4 a6 11. Bh6 d5 12. Bxg7 Kxg7 13. exd5 Nxd5 14. Ne4 b6 15.
Rad1 Bb7 16. c4 Ndb4 17. d4 Nxd4 18. Nxd4 Qxd4 19. Qf4 Nd3 20. Rxd3 Qxd3 21.
Qe5+ Kh6 22. Qg5+ Kg7 23. Qe5+ Kh6 24. Nf6 Qd4 25. Qxd4 cxd4 26. Nd7 Bxg2 27.
Kxg2 Rfc8 1/2-1/2

[Event "Charlesbourg, Estival #2"]
[Site "Charlesbourg CAN"]
[Date "2003.07.28"]
[Round "3"]
[White "Godbout, Mathieu"]
[Black "Ouellet, Michel"]
[Result "1-0"]
[WhiteElo "1648"]
[BlackElo "1826"]
[PlyCount "109"]
[EventDate "2003.07.14"]
[EventType "swiss"]
[EventRounds "5"]
[EventCountry "CAN"]

1. c4 Nf6 2. Nc3 c5 3. Nf3 g6 4. g3 Bg7 5. Bg2 O-O 6. O-O Nc6 7. d4 cxd4 8.
Nxd4 Nxd4 9. Qxd4 d6 10. Bg5 h6 11. Bd2 Bd7 12. Qd3 Bc6 13. e4 Nd7 14. Rac1 b6
15. b3 Rc8 16. Rfd1 Nc5 17. Qe2 Qc7 18. f3 Rcd8 19. Be3 Rfe8 20. Qd2 Kh7 21.
Nd5 Qb7 22. Bd4 Bxd5 23. cxd5 Rc8 24. Bh3 Nd7 25. Bxg7 Kxg7 26. Bxd7 Qxd7 27.
Rxc8 Rxc8 28. Rc1 Rc5 29. b4 Rc7 30. Rxc7 Qxc7 31. Qb2+ Kg8 32. a4 Qc4 33. Kf2
a6 34. Qe2 Qxe2+ 35. Kxe2 e6 36. dxe6 fxe6 37. b5 axb5 38. axb5 Kf7 39. Kd3 g5
40. f4 Kf6 41. Kc4 Kg6 42. f5+ exf5 43. exf5+ Kxf5 44. Kd5 Kg4 45. Kxd6 Kh3 46.
Kc6 Kxh2 47. Kxb6 Kxg3 48. Kc5 h5 49. b6 h4 50. b7 h3 51. b8=Q+ Kg2 52. Qb2+
Kg1 53. Kd4 h2 54. Ke3 Kh1 55. Kf3 1-0

[Event "Charlesbourg, Estival #2"]
[Site "Charlesbourg CAN"]
[Date "2003.07.28"]
[Round "3"]
[White "Laflamme, Simon"]
[Black "Nadeau, Sebastien"]
[Result "0-1"]
[WhiteElo "1883"]
[BlackElo "1772"]
[PlyCount "62"]
[EventDate "2003.07.14"]
[EventType "swiss"]
[EventRounds "5"]
[EventCountry "CAN"]

1. e4 c5 2. Nf3 d6 3. d4 cxd4 4. Nxd4 Nf6 5. Nc3 a6 6. Be2 e6 7. O-O Be7 8. f4
Qc7 9. Be3 Nc6 10. Qe1 Bd7 11. Qg3 O-O 12. e5 dxe5 13. Nxc6 Bxc6 14. fxe5 Ne4
15. Nxe4 Bxe4 16. Bd3 Bg6 17. Bxg6 hxg6 18. c3 Rad8 19. Rad1 Rd7 20. Bd4 Rfd8
21. Rf4 Bc5 22. Qf2 Qxe5 23. Rf1 Bxd4 24. cxd4 Qc7 25. Qe3 Qb6 26. Qf2 Qc7 27.
a3 Rf8 28. Rh4 Rd5 29. Qe3 Rh5 30. Rhf4 g5 31. Qf3 Rh6 0-1

[Event "Charlesbourg, Estival #2"]
[Site "Charlesbourg CAN"]
[Date "2003.07.28"]
[Round "3"]
[White "Sauve, Richard"]
[Black "Filiatreault, Michel"]
[Result "1/2-1/2"]
[WhiteElo "1955"]
[BlackElo "1793"]
[PlyCount "60"]
[EventDate "2003.07.14"]
[EventType "swiss"]
[EventRounds "5"]
[EventCountry "CAN"]

1. d4 Nf6 2. c4 e6 3. Nc3 d5 4. cxd5 exd5 5. Bg5 Be7 6. e3 h6 7. Bh4 O-O 8. Bd3
c6 9. Nge2 Bg4 10. f3 Bh5 11. g4 Nxg4 12. Bxe7 Qxe7 13. fxg4 Bxg4 14. Kd2 Re8
15. Qg1 Bf3 16. Nf4 Bxh1 17. Nh5 g5 18. Qf2 Be4 19. Nf6+ Kg7 20. Nxe8+ Qxe8 21.
Bxe4 dxe4 22. Rf1 Nd7 23. Nxe4 Qe7 24. Ng3 Qe6 25. a3 Re8 26. Nf5+ Kg6 27. h4
Nf6 28. h5+ Kh7 29. Ng3 Kg7 30. Nf5+ Kh7 1/2-1/2

[Event "Charlesbourg, Estival #2"]
[Site "Charlesbourg CAN"]
[Date "2003.08.04"]
[Round "4"]
[White "Filiatreault, Michel"]
[Black "Beaudoin, Stephane"]
[Result "0-1"]
[WhiteElo "1793"]
[BlackElo "1986"]
[PlyCount "40"]
[EventDate "2003.07.14"]
[EventType "swiss"]
[EventRounds "5"]
[EventCountry "CAN"]

1. c4 e5 2. g3 Nf6 3. Bg2 d5 4. cxd5 Nxd5 5. Qb3 Nb6 6. Nc3 Be7 7. Nf3 Nc6 8.
O-O O-O 9. d3 Be6 10. Qd1 f5 11. Bd2 Bf6 12. Na4 e4 13. Ne1 Nxa4 14. Qxa4 Nd4
15. Qd1 Qe7 16. Bc3 Rad8 17. e3 Nb5 18. Bxf6 Qxf6 19. Qc2 Nd6 20. b3 Qxa1 0-1

[Event "Charlesbourg, Estival #2"]
[Site "Charlesbourg CAN"]
[Date "2003.08.04"]
[Round "4"]
[White "Lapierre, Gaetan"]
[Black "Caron, Sebastien"]
[Result "0-1"]
[WhiteElo "1904"]
[BlackElo "1633"]
[PlyCount "66"]
[EventDate "2003.07.14"]
[EventType "swiss"]
[EventRounds "5"]
[EventCountry "CAN"]

1. Nf3 c5 2. c4 g6 3. Nc3 Bg7 4. g3 Nf6 5. Bg2 a6 6. O-O O-O 7. e3 d6 8. d4
Nbd7 9. a4 Rb8 10. e4 cxd4 11. Nxd4 Ne5 12. b3 Nh5 13. Kh1 Bd7 14. f4 Bg4 15.
Qd2 Nc6 16. Nc2 Qc8 17. Bb2 Na5 18. Ra3 Nc6 19. Ne3 Bh3 20. f5 Bxg2+ 21. Kxg2
Re8 22. Ncd5 Ne5 23. g4 Nf6 24. Nxf6+ Bxf6 25. h3 Bg5 26. Raa1 Qc6 27. Qd4 Bf6
28. Nd5 Bg7 29. Nxe7+ Rxe7 30. f6 Nxg4 31. fxg7 Rxe4 32. Kg3 Rxd4 33. Bxd4 Nh6
0-1

[Event "Charlesbourg, Estival #2"]
[Site "Charlesbourg CAN"]
[Date "2003.08.04"]
[Round "4"]
[White "Nadeau, Sebastien"]
[Black "Godbout, Mathieu"]
[Result "1-0"]
[WhiteElo "1772"]
[BlackElo "1648"]
[PlyCount "51"]
[EventDate "2003.07.14"]
[EventType "swiss"]
[EventRounds "5"]
[EventCountry "CAN"]

1. e4 Nf6 2. e5 Nd5 3. d4 d6 4. exd6 cxd6 5. Nf3 g6 6. g3 Bg7 7. Bg2 O-O 8. O-O
Nc6 9. c4 Nb6 10. b3 e5 11. Bb2 e4 12. Ne1 f5 13. Nc2 d5 14. Nd2 dxc4 15. Nxc4
Nd5 16. f3 exf3 17. Qxf3 Be6 18. Rfe1 Qd7 19. Rxe6 Qxe6 20. Qxd5 Qxd5 21. Bxd5+
Kh8 22. Nd6 Ne7 23. Bc4 b6 24. Ba3 Bf6 25. Re1 Kg7 26. Nb5 1-0

[Event "Charlesbourg, Estival #2"]
[Site "Charlesbourg CAN"]
[Date "2003.08.11"]
[Round "5"]
[White "Caire, Francois"]
[Black "Nadeau, Sebastien"]
[Result "1/2-1/2"]
[WhiteElo "2118"]
[BlackElo "1772"]
[PlyCount "66"]
[EventDate "2003.07.14"]
[EventType "swiss"]
[EventRounds "5"]
[EventCountry "CAN"]

1. d4 Nf6 2. c4 e6 3. Nf3 Bb4+ 4. Nbd2 c5 5. e3 O-O 6. Bd3 d5 7. a3 Bxd2+ 8.
Bxd2 dxc4 9. Bxc4 Ne4 10. dxc5 Nxc5 11. Qc2 b6 12. b4 Nb7 13. Bd3 h6 14. O-O
Nd6 15. e4 Ba6 16. Bf4 g5 17. Bxd6 Qxd6 18. Bxa6 Nxa6 19. Qc4 Nc7 20. Rad1 Qf4
21. Rd7 Nd5 22. Qa6 Qxe4 23. Rxa7 Rxa7 24. Qxa7 Qc4 25. Ne5 Qd4 26. Nc6 Qe4 27.
Ne7+ Nxe7 28. Qxe7 Ra8 29. b5 Qd3 30. Qb7 Rxa3 31. Qxb6 Rb3 32. Qb8+ Kg7 33.
Qe5+ Kg6 1/2-1/2

[Event "Club de St-Jean ferme"]
[Site "St-Jean-sur-Richelieu CAN"]
[Date "2003.02.05"]
[Round "1"]
[White "Barre, Michel"]
[Black "Bellerose, Robert"]
[Result "1-0"]
[WhiteElo "1936"]
[BlackElo "1698"]
[PlyCount "99"]
[EventDate "2003.02.05"]
[EventType "swiss"]
[EventRounds "5"]
[EventCountry "CAN"]

1. d4 d5 2. Nf3 Nf6 3. e3 Nc6 4. Nbd2 a6 5. a3 Bf5 6. Bd3 Qd7 7. b4 Ne4 8. Bb2
b5 9. Nh4 e6 10. Nxf5 exf5 11. f3 Nxd2 12. Qxd2 Bd6 13. O-O O-O 14. Rae1 Rae8
15. Qf2 Re7 16. Re2 Rfe8 17. Rfe1 Na7 18. Qh4 h6 19. Qh3 f4 20. Qxd7 Rxd7 21.
exf4 Rxe2 22. Rxe2 Re7 23. Rxe7 Bxe7 24. Bf5 g6 25. Bd7 Bd6 26. f5 Kf8 27. fxg6
fxg6 28. Be6 c6 29. Bc1 g5 30. h4 Ke7 31. Bg4 gxh4 32. Bxh6 Bg3 33. Kf1 Kd8 34.
Bg5+ Kc7 35. Bd2 Nc8 36. Bxc8 Kxc8 37. Be1 Bf4 38. Bxh4 Bc1 39. Be1 Be3 40. c3
Bc1 41. Ke2 Bxa3 42. Bd2 a5 43. bxa5 Kb7 44. g4 Ka6 45. g5 Kxa5 46. g6 Bf8 47.
f4 Kb6 48. f5 Bg7 49. Bf4 b4 50. Be5 1-0